BIBLIOTECA

SENCICO

Zaha Hadid : (Registro nro. 293)

Detalles MARC
000 -LEADER
fixed length control field 00959nam a2200301Ia 4500
003 - CONTROL NUMBER IDENTIFIER
control field PE SENCICO BE
005 - DATE AND TIME OF LATEST TRANSACTION
control field 20251020182433.0
008 - FIXED-LENGTH DATA ELEMENTS--GENERAL INFORMATION
fixed length control field 200515s9999 xx 000 0 und d
020 ## - INTERNATIONAL STANDARD BOOK NUMBER
International Standard Book Number 978-3-8365-7244-6
040 ## - CATALOGING SOURCE
Original cataloging agency PE SENCICO BE
Transcribing agency PE SENCICO BE
041 ## - LANGUAGE CODE
Language code of text/sound track or separate title spa
-- ita
-- por
082 ## - DEWEY DECIMAL CLASSIFICATION NUMBER
Classification number 720.92
Item number J65
100 1# - MAIN ENTRY--PERSONAL NAME
Personal name Jodidio, Philip
9 (RLIN) 373
Relator term autor
245 10 - TITLE STATEMENT
Title Zaha Hadid :
Remainder of title Zaha Hadid architects complete works 1979-today /
Statement of responsibility, etc. Philip Jodidio
250 ## - EDITION STATEMENT
Edition statement [1a ed.]
260 ## - PUBLICATION, DISTRIBUTION, ETC.
Place of publication, distribution, etc. Koln :
Name of publisher, distributor, etc. Taschen,
Date of publication, distribution, etc. 2021
300 ## - PHYSICAL DESCRIPTION
Extent 671 p. :
Other physical details ilustraciones a color, láminas ;
Dimensions 29 cm.
504 ## - BIBLIOGRAPHY, ETC. NOTE
Bibliography, etc. note Bibliografía: p. 671.
650 10 - SUBJECT ADDED ENTRY--TOPICAL TERM
Topical term or geographic name entry element Arquitectos
9 (RLIN) 282
650 20 - SUBJECT ADDED ENTRY--TOPICAL TERM
Topical term or geographic name entry element Arquitectura moderna
9 (RLIN) 191
650 20 - SUBJECT ADDED ENTRY--TOPICAL TERM
Topical term or geographic name entry element Diseño arquitectónico
9 (RLIN) 18
650 20 - SUBJECT ADDED ENTRY--TOPICAL TERM
Topical term or geographic name entry element Arquitectura urbana
9 (RLIN) 570
650 20 - SUBJECT ADDED ENTRY--TOPICAL TERM
Topical term or geographic name entry element Arquitectura estética
9 (RLIN) 1424
650 20 - SUBJECT ADDED ENTRY--TOPICAL TERM
Topical term or geographic name entry element Detalles arquitectónicos
9 (RLIN) 897
650 20 - SUBJECT ADDED ENTRY--TOPICAL TERM
Topical term or geographic name entry element Arquitectura occidental
9 (RLIN) 1450
942 ## - ADDED ENTRY ELEMENTS (KOHA)
Koha item type Libros
Source of classification or shelving scheme Dewey Decimal Classification
Existencias
Fecha de la última vez que lo usaron Número de ingreso o de inventario Pago total Signatura topográfica completa Precio efectivo desde Tipo de documento Estado perdido Sistema de clasificación Estado dañado No es para préstamo Retirado Ubicación permanente Ubicación actual Fecha de adquisición Fuente de adquisición
31/08/2023 16656   720.92/J65 31/08/2023 Libros   Dewey Decimal Classification       Biblioteca Central Lima Biblioteca Central Lima 14/08/2023 Comprado de la librería Megabook